000 00768nam a22002177a 4500
999 _c17512
_d17512
003 AR-CdUCM
008 190508b ||||| |||| 00| 0 spa d
040 _aMUNICIPALIDAD PROVINCIAL DEL CUSCO
_cBIBLIOTECA MUNICIPAL DEL CUSCO
082 _a869.56 /
_bM74
100 _aMolina, Alfonso
_936810
245 _aAntología del cuento revolucionario del Perú /
260 _aLima :
_bAmérica Latina,
_c1967.
300 _a195 páginas ;
_c18 cm.
505 _aContenido: Cesar Vallejo, paco yunque -- Cesar Falcon, los buenos hijos de dios -- Ciro Alegria, calixto garmendia...
650 _aCuento peruano
_93686
650 _aCuentos político-sociales
_937560
650 _aSiglo XX
_98
650 _aPerú
_935
942 _2ddc
_cLIBROS
945 _aacv
_d2019-05-08